مكتبة جامعة عجلون الوطنية

فهرس بحث المكتبة

الإظهار المعماري (Record no. 33756)

MARC details
000 -LEADER
fixed length control field 00640nam a22001937a 4500
003 - CONTROL NUMBER IDENTIFIER
control field JO-AjAnu
005 - DATE AND TIME OF LATEST TRANSACTION
control field 20241022091237.0
008 - FIXED-LENGTH DATA ELEMENTS--GENERAL INFORMATION
fixed length control field 241019b jo ||||| |||| 00| 0 ara d
020 ## - INTERNATIONAL STANDARD BOOK NUMBER
International Standard Book Number 5-114-05-977
040 ## - CATALOGING SOURCE
Transcribing agency JO-AjAnu
041 ## - LANGUAGE CODE
Language code of original ARA
100 ## - MAIN ENTRY--PERSONAL NAME
Personal name عبدالله، محمد أحمد
9 (RLIN) 66327
Relator term مؤلف
245 ## - TITLE STATEMENT
Title الإظهار المعماري
Statement of responsibility, etc. / محمد أحمد عبدالله
260 ## - PUBLICATION, DISTRIBUTION, ETC.
Place of publication, distribution, etc. القاهرة:
Name of publisher, distributor, etc. مكتبة الأنجلو المصرية،
Date of publication, distribution, etc. 2013
300 ## - PHYSICAL DESCRIPTION
Extent 246 صفحة
500 ## - GENERAL NOTE
General note يحتوي على صور ورسومات توضيحية
650 ## - SUBJECT ADDED ENTRY--TOPICAL TERM
Form subdivision الرسم المعماري
942 ## - ADDED ENTRY ELEMENTS (KOHA)
Source of classification or shelving scheme Library of Congress Classification
Koha item type Books
Suppress in OPAC No
Holdings
Withdrawn status Lost status Source of classification or shelving scheme Damaged status Not for loan Home library Current library Date acquired Total Checkouts Full call number Barcode Date last seen Price effective from Koha item type
    Library of Congress Classification     مكتبة جامعة عجلون الوطنية مكتبة جامعة عجلون الوطنية 19/10/2024   NA2700.2013 A30072 19/10/2024 19/10/2024 Books